| 000 | 00659cam a22001814a 4500 | ||
|---|---|---|---|
| 005 | 20250605164346.0 | ||
| 008 | 250528s ||||||||||||||||||||||||d | ||
| 035 | _a23878 | ||
| 040 |
_aGR-AtMCL _bgre _dGR-AtMCL _eAACR2 |
||
| 245 | 1 | _aBringing Psychology to All Societies / Lovesickness, London Lectures, Eye on Fiction | |
| 260 | _c2005 | ||
| 300 | _a63 | ||
| 520 | _aReaching the Parts That Need It?, The Third Wave of Cultural Psychology: The Indigenous Movement, Psychology in a Global World: Locally Relevant... but Globally Ignored? | ||
| 710 | 2 |
_aThe British Psychological Society _99823 |
|
| 942 | _cCR | ||
| 999 |
_c8796 _d8796 |
||